| Tag |
First Indicator |
Second Indicator |
Subfields |
| LEADER |
00000cam a2200000 a 4500 |
| 001 |
in00000385321 |
| 005 |
20230714094041.0 |
| 008 |
840210s1983 ne a b 101 0 eng |
| 010 |
|
|
|a 82016260
|
| 015 |
|
|
|a GB8226694
|2 bnb
|
| 016 |
7 |
|
|a 008408661
|2 Uk
|
| 016 |
7 |
|
|a B8303091
|2 bccb
|
| 016 |
7 |
|
|a B82-26694
|2 uk
|
| 019 |
|
|
|a 9554380
|
| 020 |
|
|
|a 0444421173
|
| 020 |
|
|
|a 9780444421173
|
| 029 |
1 |
|
|a AU@
|b 000002313837
|
| 029 |
1 |
|
|a AU@
|b 000027544415
|
| 029 |
1 |
|
|a DEBBG
|b BV002043629
|
| 029 |
1 |
|
|a DEBBG
|b BV022115828
|
| 029 |
1 |
|
|a GBVCP
|b 016531973
|
| 029 |
1 |
|
|a UKMGB
|b 008408661
|
| 035 |
|
|
|a (OCoLC)ocm09291712
|
| 035 |
|
|
|a (OCoLC)9291712
|z (OCoLC)9554380
|
| 035 |
|
|
|a (OCoLC)ocm09291712
|
| 040 |
|
|
|a DLC
|b eng
|c DLC
|d OCL
|d NLGGC
|d BTCTA
|d YDXCP
|d OCLCG
|d BAKER
|d DEBBG
|d UKMGB
|d BDX
|d GBVCP
|d OCLCO
|d OCLCF
|d OCLCQ
|d OCL
|d MUX
|d FQG
|d OCLCO
|d DCHUA
|d OCLCO
|
| 041 |
0 |
|
|a eng
|b fre
|
| 050 |
0 |
0 |
|a TA439
|b .A9 1983
|
| 055 |
0 |
4 |
|a TA439
|b A9 1982
|
| 082 |
0 |
0 |
|a 620.1/36
|2 19
|
| 084 |
|
|
|a BAU 385f
|2 stub
|
| 084 |
|
|
|a 56.45
|2 bcl
|
| 084 |
|
|
|a W 07
|2 blsrissc
|
| 245 |
0 |
0 |
|a Autoclaved aerated concrete, moisture and properties /
|c edited by Folker H. Wittmann.
|
| 260 |
|
|
|a Amsterdam ;
|a New York :
|b Elsevier Scientific Pub. Co. ;
|a New York :
|b Distributors for the U.S. and Canada, Elsevier Science Pub. Co.,
|c 1983.
|
| 300 |
|
|
|a ix, 380 pages :
|b illustrations ;
|c 25 cm.
|
| 336 |
|
|
|a text
|b txt
|2 rdacontent
|
| 337 |
|
|
|a unmediated
|b n
|2 rdamedia
|
| 338 |
|
|
|a volume
|b nc
|2 rdacarrier
|
| 490 |
1 |
|
|a Developments in civil engineering ;
|v v. 6
|
| 500 |
|
|
|a Proceedings of the RILEM International Symposium on Autoclaved Aerated Concrete, held at the Swiss Federal Institute of Technology in Lausanne, in March 1982.
|
| 504 |
|
|
|a Includes bibliographical references (pages 325-369) and index.
|
| 540 |
|
|
|a Current copyright fee: GBP32.84
|c 5 1.
|5 Uk
|
| 650 |
|
0 |
|a Lightweight concrete
|v Congresses.
|
| 650 |
|
6 |
|a Béton léger
|v Congrès.
|
| 650 |
|
7 |
|a Lightweight concrete.
|2 fast
|0 (OCoLC)fst00998710
|
| 650 |
|
7 |
|a Leichtbau
|2 gnd
|
| 650 |
|
7 |
|a Kongress
|2 gnd
|
| 650 |
0 |
7 |
|a Kongress.
|2 swd
|
| 650 |
0 |
7 |
|a Leichtbau.
|2 swd
|
| 653 |
|
0 |
|a 11030
|a concrete
|a aerated
|a autoclaved
|a 60030
|a conference proceedings
|
| 653 |
|
0 |
|a Lightweight concrete
|a Congresses
|
| 655 |
|
4 |
|a Kongress
|z Lausanne
|y 1982.
|
| 655 |
|
7 |
|a Conference papers and proceedings.
|2 fast
|0 (OCoLC)fst01423772
|
| 655 |
|
7 |
|a Kongress.
|2 swd
|
| 700 |
1 |
|
|a Wittmann, F. H.
|q (Folker H.)
|
| 710 |
2 |
|
|a International Union of Testing and Research Laboratories for Materials and Structures.
|
| 711 |
2 |
|
|a RILEM International Symposium on Autoclaved Aerated Concrete
|n (2nd :
|d 1982 :
|c Swiss Federal Institute of Technology)
|
| 776 |
0 |
8 |
|i Online version:
|t Autoclaved aerated concrete, moisture and properties.
|d Amsterdam ; New York : Elsevier Scientific Pub. Co. ; New York : Distributors for the U.S. and Canada, Elsevier Science Pub. Co., 1983
|w (OCoLC)625481751
|
| 776 |
0 |
8 |
|i Online version:
|t Autoclaved aerated concrete, moisture and properties.
|d Amsterdam ; New York : Elsevier Scientific Pub. Co. ; New York : Distributors for the U.S. and Canada, Elsevier Science Pub. Co., 1983
|w (OCoLC)630407708
|
| 830 |
|
0 |
|a Developments in civil engineering ;
|v v. 6.
|
| 856 |
|
|
|3 1850-9999
|u http://www.elsevier.com/journals
|x BLDSS
|
| 938 |
|
|
|a Baker & Taylor
|b BKTY
|c 170.75
|d 170.75
|i 0444421173
|n 0000748822
|s active
|
| 938 |
|
|
|a Brodart
|b BROD
|n 33767130
|c $108.00
|
| 938 |
|
|
|a Baker and Taylor
|b BTCP
|n 82016260 //r93
|
| 938 |
|
|
|a YBP Library Services
|b YANK
|n 395261
|
| 948 |
|
|
|h HELD BY TXA - 126 OTHER HOLDINGS
|
| 994 |
|
|
|a Z0
|b TXA
|
| 999 |
f |
f |
|s bce6f9a1-9dc2-345d-8fd6-b174c22a466e
|i 908209e5-4f1c-333d-9213-75aef982acc5
|t 0
|
| 952 |
f |
f |
|p ric
|a Texas A&M University
|b Rellis Campus
|c Joint Library Facility
|s JLF
|d Remote Storage
|t 0
|e TA439 .A9 1982
|h Library of Congress classification
|i unmediated -- volume
|m A14807633291
|